[Event "Zagreb Open 2011 Grupo B"]
[Site "Zagreb CRO"]
[Date "2011.04.12"]
[Round "2.12"]
[White "Strniscak, Tomislav"]
[Black "Valkovic, Kristian"]
[Result "0-1"]
[WhiteElo "2212"]
[BlackElo "2078"]
[PlyCount "76"]
[EventDate "2011.04.11"]
[EventType "swiss"]
[EventRounds "9"]
[EventCountry "CRO"]
[Source "lmi"]
[SourceDate "2011.04.11"]

1. e4 e6 2. d4 d5 3. Nd2 Nf6 4. e5 Nfd7 5. Bd3 c5 6. c3 Nc6 7. Ne2 Rb8 8. f4 g6
9. Nf3 b5 10. h4 h5 11. Ng5 Qb6 12. Be3 b4 13. O-O Ba6 14. Ng3 Bxd3 15. Qxd3 c4
16. Qe2 bxc3 17. bxc3 Qb2 18. Bd2 Ba3 19. f5 gxf5 20. Nxf5 exf5 21. e6 fxe6 22.
Qxe6+ Ne7 23. Bc1 Qxc3 24. Bxa3 Qxa3 25. Rae1 Rb6 26. Qxd5 Rf8 27. Qxc4 Qa6 28.
Qd5 Qb7 29. Qc4 Qc6 30. Qe2 Qf6 31. d5 Nc5 32. Nh7 Qd4+ 33. Kh1 Qxh4+ 34. Kg1
Rf7 35. d6 Qd4+ 36. Kh1 Ne4 37. Qf3 Rxd6 38. Rb1 Rxh7 0-1

[Event "Zagreb Open 2011 Grupo B"]
[Site "Zagreb CRO"]
[Date "2011.04.12"]
[Round "2.13"]
[White "Glazar, Domagoj"]
[Black "Sunjic, Vitomir"]
[Result "1/2-1/2"]
[WhiteElo "2057"]
[BlackElo "2212"]
[PlyCount "66"]
[EventDate "2011.04.11"]
[EventType "swiss"]
[EventRounds "9"]
[EventCountry "CRO"]
[Source "lmi"]
[SourceDate "2011.04.11"]

1. d4 f5 2. Nf3 Nf6 3. c4 g6 4. Nc3 Bg7 5. g3 O-O 6. Bg2 d6 7. O-O Nc6 8. d5
Ne5 9. Nxe5 dxe5 10. e4 f4 11. gxf4 Nh5 12. fxe5 Bxe5 13. Ne2 Qd6 14. f4 Nxf4
15. Nxf4 Bxf4 16. Bxf4 Rxf4 17. Rxf4 Qxf4 18. Qb3 Qd6 19. Qc3 Qc5+ 20. Kh1 Bg4
21. b4 Qf2 22. Rf1 Qh4 23. e5 Rf8 24. Rxf8+ Kxf8 25. e6 Qf6 26. Qc1 Bf3 27. h3
Qf5 28. Kg1 Bxg2 29. Kxg2 Qe4+ 30. Kg3 Qd3+ 31. Kg2 Qe4+ 32. Kg3 Qd3+ 33. Kg2
Qe4+ 1/2-1/2

[Event "Zagreb Open 2011 Grupo B"]
[Site "Zagreb CRO"]
[Date "2011.04.12"]
[Round "2.15"]
[White "Mesko, Andrej"]
[Black "Vrsek, Ivan"]
[Result "0-1"]
[WhiteElo "2042"]
[BlackElo "2204"]
[PlyCount "86"]
[EventDate "2011.04.11"]
[EventType "swiss"]
[EventRounds "9"]
[EventCountry "CRO"]
[Source "lmi"]
[SourceDate "2011.04.11"]

1. d4 d5 2. c4 c6 3. Nf3 Nf6 4. e3 a6 5. Bd3 Bg4 6. Nbd2 e6 7. Qc2 Nbd7 8. b3
Bd6 9. Bb2 Bh5 10. O-O Qb8 11. h3 O-O 12. Ng5 h6 13. Nh7 Nxh7 14. Bxh7+ Kh8 15.
Bd3 f5 16. c5 Bc7 17. b4 Qd8 18. f4 Rf6 19. Nf3 Qe7 20. Ne5 Nxe5 21. dxe5 Rf7
22. a4 Rg8 23. Kh2 g5 24. g3 Rfg7 25. Rg1 Bf3 26. Qf2 g4 27. Be2 Be4 28. Bf1 h5
29. h4 Bd8 30. Bg2 Qxh4+ 31. gxh4 g3+ 32. Qxg3 Rxg3 33. Bxe4 Rxg1 34. Rxg1 Rxg1
35. Kxg1 fxe4 36. Bc3 Bxh4 37. Kg2 Kg7 38. Bd2 a5 39. bxa5 Be7 40. Bb4 Kg6 41.
Kh3 Kf5 42. Kg3 h4+ 43. Kh3 d4 0-1

[Event "Zagreb Open 2011 Grupo B"]
[Site "Zagreb CRO"]
[Date "2011.04.12"]
[Round "2.16"]
[White "Ivanov, Borislav"]
[Black "Greb, Nikola"]
[Result "1-0"]
[WhiteElo "2202"]
[BlackElo "2069"]
[PlyCount "69"]
[EventDate "2011.04.11"]
[EventType "swiss"]
[EventRounds "9"]
[EventCountry "CRO"]
[Source "lmi"]
[SourceDate "2011.04.11"]

1. d4 c5 2. d5 e6 3. c4 exd5 4. cxd5 d6 5. Nc3 Ne7 6. Nf3 Ng6 7. g3 Be7 8. Bg2
O-O 9. O-O Bg4 10. Nd2 Qd7 11. a4 Bh3 12. Nc4 Bxg2 13. Kxg2 f5 14. f4 Bf6 15.
Nb5 Na6 16. Nbxd6 Rad8 17. Be3 b6 18. Qb3 Nb4 19. Rfd1 a6 20. Bf2 Be7 21. e4
Bxd6 22. e5 Bb8 23. Nxb6 Qb7 24. Bxc5 Nxd5 25. Rxd5 Rxd5 26. Qxd5+ Qxd5+ 27.
Nxd5 Rd8 28. Rd1 Kf7 29. Nc3 Rc8 30. Ba3 Ke6 31. Rd4 Ne7 32. Rb4 Nd5 33. Nxd5
Kxd5 34. Rb7 Ke4 35. Rxg7 1-0

[Event "Zagreb Open 2011 Grupo B"]
[Site "Zagreb CRO"]
[Date "2011.04.12"]
[Round "2.17"]
[White "Kukina, Mario"]
[Black "Kalajzic, Ivan"]
[Result "0-1"]
[WhiteElo "2034"]
[BlackElo "2200"]
[PlyCount "76"]
[EventDate "2011.04.11"]
[EventType "swiss"]
[EventRounds "9"]
[EventCountry "CRO"]
[Source "lmi"]
[SourceDate "2011.04.11"]

1. d4 e6 2. Nf3 c5 3. e3 b6 4. Be2 Bb7 5. O-O Nf6 6. b3 Be7 7. Bb2 O-O 8. Nbd2
Ne4 9. Nxe4 Bxe4 10. dxc5 bxc5 11. c4 d6 12. Bd3 Bg6 13. Bxg6 hxg6 14. Qd2 Nc6
15. Rfd1 Qc7 16. e4 e5 17. Ne1 a5 18. f4 a4 19. Nf3 axb3 20. axb3 Rab8 21. fxe5
dxe5 22. Qe3 Nd4 23. Bxd4 exd4 24. Qd3 Bd6 25. Ra4 Rb7 26. Re1 Bf4 27. e5 Be3+
28. Kh1 Rfb8 29. Rb1 Qd7 30. Ra5 Qf5 31. Qxf5 gxf5 32. Rxc5 Rxb3 33. Rxb3 Rxb3
34. g3 d3 35. Rd5 Rb1+ 36. Kg2 d2 37. Rd8+ Kh7 38. Nxd2 Rb2 0-1

[Event "Zagreb Open 2011 Grupo B"]
[Site "Zagreb CRO"]
[Date "2011.04.12"]
[Round "2.18"]
[White "Matic, Zeljko"]
[Black "Svrtan, Zlatko"]
[Result "1-0"]
[WhiteElo "2200"]
[BlackElo "2058"]
[PlyCount "89"]
[EventDate "2011.04.11"]
[EventType "swiss"]
[EventRounds "9"]
[EventCountry "CRO"]
[Source "lmi"]
[SourceDate "2011.04.11"]

1. c4 e5 2. g3 Nf6 3. Bg2 Nc6 4. Nc3 Bc5 5. e3 O-O 6. Nge2 Re8 7. d3 Bf8 8. O-O
d6 9. Bd2 Bf5 10. e4 Bd7 11. h3 Nd4 12. f4 h6 13. Nxd4 exd4 14. Ne2 c5 15. b4
Rb8 16. b5 Nh7 17. g4 Be7 18. Ng3 Bh4 19. Qf3 Rf8 20. Kh2 Qc7 21. Rg1 a6 22. a4
b6 23. Bh1 axb5 24. axb5 Ra8 25. Nf5 Bf6 26. Qg3 Rfe8 27. Nxd6 Rxa1 28. Nxe8
Qa7 29. Nxf6+ Nxf6 30. Rxa1 Qxa1 31. e5 Nh7 32. Be4 Nf8 33. Qf2 Qa4 34. Bf3 Qc2
35. Qe2 Ng6 36. Kg3 Qb1 37. f5 Qg1+ 38. Bg2 Nf8 39. Qf1 Qxf1 40. Bxf1 g5 41. h4
Nh7 42. Bg2 Bc8 43. hxg5 Nxg5 44. Bd5 Kf8 45. Kh4 1-0

[Event "Zagreb Open 2011 Grupo B"]
[Site "Zagreb CRO"]
[Date "2011.04.12"]
[Round "2.20"]
[White "Muskardin, Mario"]
[Black "Brankovic, Ljubomir"]
[Result "1/2-1/2"]
[WhiteElo "2192"]
[BlackElo "2055"]
[PlyCount "76"]
[EventDate "2011.04.11"]
[EventType "swiss"]
[EventRounds "9"]
[EventCountry "CRO"]
[Source "lmi"]
[SourceDate "2011.04.11"]

1. Nf3 Nf6 2. c4 g6 3. Nc3 Bg7 4. d4 d5 5. cxd5 Nxd5 6. e4 Nxc3 7. bxc3 c5 8.
Bb5+ Bd7 9. Bxd7+ Nxd7 10. O-O O-O 11. Re1 Qc7 12. Bg5 f6 13. Be3 Rad8 14. a4
c4 15. Nd2 e5 16. a5 b5 17. axb6 axb6 18. Qa4 Rc8 19. d5 f5 20. f3 Rf7 21. Qb5
Bf8 22. Ra4 Bc5 23. Rxc4 Bxe3+ 24. Rxe3 Nc5 25. Rb4 Qd8 26. Rb1 Qg5 27. Rbe1
Ra7 28. Qxb6 Ra1 29. Nb1 Ra2 30. g3 f4 31. R3e2 Rxe2 32. Rxe2 fxg3 33. h3 Qh5
34. Kg2 Rf8 35. Re3 Ra8 36. Nd2 Ra2 37. Qd8+ Kg7 38. Qe7+ Kg8 1/2-1/2

[Event "Zagreb Open 2011 Grupo B"]
[Site "Zagreb CRO"]
[Date "2011.04.12"]
[Round "2.21"]
[White "Gorupec, Mladen"]
[Black "Ljubic, Juro"]
[Result "1/2-1/2"]
[WhiteElo "2025"]
[BlackElo "2189"]
[PlyCount "25"]
[EventDate "2011.04.11"]
[EventType "swiss"]
[EventRounds "9"]
[EventCountry "CRO"]
[Source "lmi"]
[SourceDate "2011.04.11"]

1. e4 c5 2. Nf3 d6 3. d4 cxd4 4. Nxd4 Nf6 5. Nc3 g6 6. Be3 Bg7 7. f3 Nc6 8. Qd2
O-O 9. Bc4 Bd7 10. h4 Rc8 11. Bb3 Ne5 12. Bh6 Nc4 13. Bxc4 1/2-1/2

[Event "Zagreb Open 2011 Grupo B"]
[Site "Zagreb CRO"]
[Date "2011.04.13"]
[Round "3.3"]
[White "Ostovic, Matija"]
[Black "Blagojevic, Marijan"]
[Result "1-0"]
[WhiteElo "2232"]
[BlackElo "2128"]
[PlyCount "93"]
[EventDate "2011.04.11"]
[EventType "swiss"]
[EventRounds "9"]
[EventCountry "CRO"]
[Source "lmi"]
[SourceDate "2011.04.11"]

1. e4 c5 2. Nf3 Nc6 3. c3 d5 4. exd5 Qxd5 5. d4 Bg4 6. Be2 e6 7. c4 Qd7 8. d5
exd5 9. cxd5 Bxf3 10. Bxf3 Nd4 11. O-O O-O-O 12. Nc3 Nf6 13. Be3 Nxf3+ 14. Qxf3
Qg4 15. Qxg4+ Nxg4 16. Bg5 f6 17. Bf4 Bd6 18. Bxd6 Rxd6 19. Rac1 Kb8 20. Rfe1
Ne5 21. Rcd1 Rhd8 22. b3 R6d7 23. Rd2 a6 24. Red1 Nc6 25. Ne4 Nd4 26. d6 f5 27.
Nxc5 Rxd6 28. Kf1 Nb5 29. Rxd6 Rxd6 30. Rxd6 Nxd6 31. Ke2 g6 32. Nd7+ Kc7 33.
Nf8 Ne4 34. Nxh7 Nc3+ 35. Kd3 Nxa2 36. Nf8 g5 37. Ne6+ Kd6 38. Nxg5 Nc1+ 39.
Kc2 Ne2 40. h4 Ke7 41. g3 Nd4+ 42. Kc3 Ne2+ 43. Kc4 f4 44. g4 b6 45. Kd3 Nc1+
46. Kc2 Ne2 47. Nf3 1-0

[Event "Zagreb Open 2011 Grupo B"]
[Site "Zagreb CRO"]
[Date "2011.04.13"]
[Round "3.4"]
[White "Tscharotschkin, Michael"]
[Black "Muha, Zdravko"]
[Result "0-1"]
[WhiteElo "2218"]
[BlackElo "2126"]
[PlyCount "102"]
[EventDate "2011.04.11"]
[EventType "swiss"]
[EventRounds "9"]
[EventCountry "CRO"]
[Source "lmi"]
[SourceDate "2011.04.11"]

1. e4 c6 2. d4 d5 3. exd5 cxd5 4. c4 Nf6 5. Nc3 e6 6. Nf3 Bb4 7. Bd3 dxc4 8.
Bxc4 O-O 9. O-O Nc6 10. a3 Be7 11. Re1 a6 12. Qd3 b5 13. Ba2 Bb7 14. Be3 b4 15.
axb4 Nxb4 16. Qe2 Nxa2 17. Rxa2 Nd5 18. Ne5 Rc8 19. f3 Bb4 20. Bd2 Nxc3 21.
bxc3 Bxc3 22. Bxc3 Rxc3 23. Qd2 Rc7 24. Qe3 Qd5 25. Ra4 Rfc8 26. Rb4 a5 27. Rb6
a4 28. Rb4 Qa5 29. Qa3 f6 30. Ng4 Rc4 31. Rbb1 Bd5 32. Red1 Rc3 33. Qd6 a3 34.
h4 a2 35. Ra1 h5 36. Nf2 Rc2 37. Ne4 Qc7 38. Qa6 Rb8 39. Qa4 Rcb2 40. Qa6 Qf4
41. Qd3 Qxh4 42. Nd2 Qg3 43. Re1 h4 44. Re2 h3 45. Rd1 Ra8 46. Ra1 Qg5 47. Kh2
Qf4+ 48. g3 Qh6 49. Ne4 Rxe2+ 50. Qxe2 Ra3 51. f4 Qg6 0-1

[Event "Zagreb Open 2011 Grupo B"]
[Site "Zagreb CRO"]
[Date "2011.04.13"]
[Round "3.5"]
[White "Draganic, Stjepan"]
[Black "Zecevic, Dean"]
[Result "1/2-1/2"]
[WhiteElo "2157"]
[BlackElo "2215"]
[PlyCount "39"]
[EventDate "2011.04.11"]
[EventType "swiss"]
[EventRounds "9"]
[EventCountry "CRO"]
[Source "lmi"]
[SourceDate "2011.04.11"]

1. d4 c5 2. d5 e6 3. Nc3 a6 4. a4 d6 5. e4 Nf6 6. Nf3 exd5 7. Nxd5 Nxd5 8. exd5
Be7 9. Bd3 Bg4 10. Qe2 Nd7 11. h3 Bxf3 12. Qxf3 O-O 13. O-O Bf6 14. Bf4 Bxb2
15. Rab1 Be5 16. Rxb7 Bxf4 17. Qxf4 Ne5 18. Qe4 g6 19. f4 Nxd3 20. Qxd3 1/2-1/2

[Event "Zagreb Open 2011 Grupo B"]
[Site "Zagreb CRO"]
[Date "2011.04.13"]
[Round "3.7"]
[White "Vrsek, Ivan"]
[Black "Gabre, Zeljko"]
[Result "0-1"]
[WhiteElo "2204"]
[BlackElo "2117"]
[PlyCount "112"]
[EventDate "2011.04.11"]
[EventType "swiss"]
[EventRounds "9"]
[EventCountry "CRO"]
[Source "lmi"]
[SourceDate "2011.04.11"]

1. d4 g6 2. c4 Bg7 3. Nf3 d6 4. Nc3 Nf6 5. g3 O-O 6. Bg2 Nc6 7. O-O e5 8. d5
Ne7 9. c5 Bg4 10. cxd6 cxd6 11. Qb3 Qd7 12. Rd1 Nf5 13. Qb5 Bxf3 14. Qxd7 Nxd7
15. Bxf3 Nd4 16. Bg2 Nb6 17. Bg5 f6 18. Bd2 Nc4 19. e3 Nc2 20. Rab1 Bh6 21. Kf1
Rac8 22. Ke2 f5 23. Rdc1 Nd4+ 24. Kd1 Nxd2 25. Kxd2 f4 26. Kd3 fxe3 27. fxe3
Rf2 28. Bh3 Rcf8 29. exd4 Rd2+ 30. Kc4 Rxd4+ 31. Kb3 Bxc1 32. Be6+ Kg7 33. Rxc1
Rf3 34. Rc2 b5 35. a3 a5 36. Bh3 b4 37. Bg2 Re3 38. Re2 Red3 39. Kc2 bxc3 40.
bxc3 Rxd5 41. Bxd5 Rxd5 42. c4 Rd4 43. Kc3 Kf6 44. Rb2 d5 45. cxd5 Rxd5 46. Kc4
Rd8 47. Rf2+ Ke6 48. Re2 Rd4+ 49. Kc5 a4 50. Re3 Rd2 51. Kb4 Rd4+ 52. Kc5 Kf5
53. h3 h5 54. Re1 Rd3 55. g4+ hxg4 56. hxg4+ Kf4 0-1

[Event "Zagreb Open 2011 Grupo B"]
[Site "Zagreb CRO"]
[Date "2011.04.13"]
[Round "3.8"]
[White "Raljic, Mirko"]
[Black "Ivanov, Borislav"]
[Result "1-0"]
[WhiteElo "2127"]
[BlackElo "2202"]
[PlyCount "77"]
[EventDate "2011.04.11"]
[EventType "swiss"]
[EventRounds "9"]
[EventCountry "CRO"]
[Source "lmi"]
[SourceDate "2011.04.11"]

1. e4 c6 2. c4 d5 3. exd5 cxd5 4. cxd5 Nf6 5. Nc3 Nxd5 6. Nf3 Nc6 7. Bb5 Nc7 8.
Ba4 e6 9. O-O Be7 10. Re1 O-O 11. d4 a6 12. Bxc6 bxc6 13. Na4 Nd5 14. Ne5 Qc7
15. Bd2 Bb7 16. Rc1 Rfc8 17. Nc5 a5 18. Qf3 Bf6 19. Ncd7 Bxe5 20. Nxe5 Qe7 21.
Rc5 a4 22. Rec1 Ra6 23. Qa3 Qd6 24. Bb4 Qb8 25. Bd2 Qd6 26. Qf3 Qe7 27. h3 f6
28. Nd3 Rb6 29. R5c2 Ra8 30. Nc5 Bc8 31. a3 Rb5 32. Re1 Qd6 33. Qe2 e5 34. dxe5
fxe5 35. Qxe5 Qxe5 36. Rxe5 Rab8 37. Nxa4 Nb6 38. Rxb5 cxb5 39. Nxb6 1-0

[Event "Zagreb Open 2011 Grupo B"]
[Site "Zagreb CRO"]
[Date "2011.04.13"]
[Round "3.9"]
[White "Kalajzic, Ivan"]
[Black "Hamer, Ivan"]
[Result "0-1"]
[WhiteElo "2200"]
[BlackElo "2094"]
[PlyCount "120"]
[EventDate "2011.04.11"]
[EventType "swiss"]
[EventRounds "9"]
[EventCountry "CRO"]
[Source "lmi"]
[SourceDate "2011.04.11"]

1. d4 Nf6 2. f3 d5 3. Nc3 e6 4. Bg5 c5 5. e4 cxd4 6. Qxd4 Nc6 7. Bb5 Be7 8.
exd5 exd5 9. Bxf6 Bxf6 10. Qc5 Qb6 11. Qxb6 Bxc3+ 12. bxc3 axb6 13. a4 Be6 14.
Ne2 O-O-O 15. O-O-O Kc7 16. Nf4 Rhe8 17. Rhe1 Re7 18. Re2 g5 19. Nd3 d4 20. c4
Red7 21. Rde1 Rd6 22. c5 bxc5 23. Nxc5 Bf5 24. Ne4 Bxe4 25. Rxe4 f6 26. f4 h6
27. g3 Kb6 28. Kd2 Rg8 29. Rb1 Kc5 30. fxg5 hxg5 31. Bxc6 bxc6 32. c3 Rh8 33.
Re2 Ra8 34. Rb4 Rad8 35. Rxd4 Rxd4+ 36. cxd4+ Rxd4+ 37. Kc3 Rxa4 38. Re6 Ra3+
39. Kd2 Rf3 40. Ke2 g4 41. h3 Kd5 42. Re8 Rxg3 43. hxg4 Rxg4 44. Kf3 Rg7 45.
Kf4 Kc4 46. Re6 c5 47. Rxf6 Re7 48. Rh6 Kd4 49. Kf3 c4 50. Rd6+ Kc3 51. Ra6 Kb2
52. Rb6+ Kc2 53. Kf2 c3 54. Rc6 Kd2 55. Rd6+ Kc1 56. Kf1 c2 57. Rb6 Re4 58. Kf2
Kd2 59. Rd6+ Kc3 60. Kf3 Rc4 0-1

[Event "Zagreb Open 2011 Grupo B"]
[Site "Zagreb CRO"]
[Date "2011.04.13"]
[Round "3.12"]
[White "Valkovic, Kristian"]
[Black "Naglic Franjkovic, Marko"]
[Result "1/2-1/2"]
[WhiteElo "2078"]
[BlackElo "2167"]
[PlyCount "58"]
[EventDate "2011.04.11"]
[EventType "swiss"]
[EventRounds "9"]
[EventCountry "CRO"]
[Source "lmi"]
[SourceDate "2011.04.11"]

1. d4 g6 2. Nf3 Bg7 3. Bf4 d6 4. e3 Nf6 5. c4 O-O 6. Nc3 Nbd7 7. Be2 b6 8. O-O
Bb7 9. Qc2 Nh5 10. Bg5 h6 11. Bh4 g5 12. Bg3 Nxg3 13. hxg3 e6 14. Rfd1 f5 15.
b4 Nf6 16. d5 exd5 17. cxd5 Ne4 18. Nd4 Nxc3 19. Qxc3 Bxd5 20. Bc4 Bxc4 21.
Qxc4+ d5 22. Qc6 Rf6 23. Qb7 Kh8 24. Rac1 f4 25. Rxc7 Rb8 26. Qxa7 Ra8 27. Qb7
Rb8 28. Qa7 Ra8 29. Qb7 Rb8 1/2-1/2

[Event "Zagreb Open 2011 Grupo B"]
[Site "Zagreb CRO"]
[Date "2011.04.13"]
[Round "3.13"]
[White "Basaric, Srdan"]
[Black "Rebrina, Vjekoslav"]
[Result "1-0"]
[WhiteElo "2166"]
[BlackElo "2029"]
[PlyCount "71"]
[EventDate "2011.04.11"]
[EventType "swiss"]
[EventRounds "9"]
[EventCountry "CRO"]
[Source "lmi"]
[SourceDate "2011.04.11"]

1. e4 c5 2. Nf3 d6 3. d4 cxd4 4. Qxd4 Nc6 5. Bb5 a6 6. Bxc6+ bxc6 7. c4 c5 8.
Qe3 e5 9. Nc3 Bb7 10. O-O Nf6 11. Rd1 Be7 12. Nxe5 O-O 13. f3 Qc7 14. Nd3 Rfe8
15. Qf2 Nd7 16. Nf4 Bf8 17. Nfd5 Bxd5 18. Nxd5 Qc6 19. Qg3 Kh8 20. b3 Re6 21.
Bb2 a5 22. Nc3 Nb6 23. a4 Nd7 24. Rd2 Rg6 25. Qf4 Rf6 26. Qe3 Re6 27. Rad1 f5
28. Qd3 fxe4 29. Nxe4 Ne5 30. Bxe5 dxe5 31. Ng5 e4 32. Qd5 Qxd5 33. cxd5 Rea6
34. Nxe4 Rb8 35. Rd3 Rab6 36. d6 1-0

[Event "Zagreb Open 2011 Grupo B"]
[Site "Zagreb CRO"]
[Date "2011.04.13"]
[Round "3.16"]
[White "Kinez, Ivo"]
[Black "Mihalinec, Damir"]
[Result "0-1"]
[WhiteElo "2141"]
[BlackElo "2238"]
[PlyCount "110"]
[EventDate "2011.04.11"]
[EventType "swiss"]
[EventRounds "9"]
[EventCountry "CRO"]
[Source "lmi"]
[SourceDate "2011.04.11"]

1. e4 c5 2. Nf3 d6 3. d4 cxd4 4. Nxd4 Nf6 5. Nc3 g6 6. Be3 Bg7 7. f3 O-O 8. Bc4
Nc6 9. Qd2 Bd7 10. O-O-O Rc8 11. Bb3 Ne5 12. Kb1 Re8 13. g4 b5 14. g5 Nh5 15.
f4 Nc4 16. Bxc4 bxc4 17. f5 Qc7 18. Rhf1 Qb7 19. Ka1 Rb8 20. Rb1 a5 21. Qf2 a4
22. a3 e5 23. fxe6 fxe6 24. Qd2 d5 25. exd5 exd5 26. Nde2 Bf5 27. Bd4 Bf8 28.
Rf2 Bd6 29. Ka2 Qc6 30. Rbf1 Bh3 31. Rg1 Rb7 32. Bf6 Reb8 33. Rb1 Bc5 34. Bd4
Be6 35. Bxc5 Qxc5 36. Nd4 Bf7 37. Nxa4 Qa7 38. Nc3 Ra8 39. Ndb5 Qc5 40. Qd4
Rxb5 41. Nxb5 Qxb5 42. Rbf1 Rf8 43. Ka1 Ng7 44. Rf6 Nf5 45. Qf4 c3 46. b3 Qe2
47. Qf2 Qe7 48. Ra6 Qxg5 49. Rg1 Qe3 50. Qf1 Qe4 51. Qf2 d4 52. Rf6 Qe7 53. Ra6
Bd5 54. Re1 Ne3 55. Qe2 Nxc2+ 0-1

[Event "Zagreb Open 2011 Grupo B"]
[Site "Zagreb CRO"]
[Date "2011.04.13"]
[Round "3.17"]
[White "Havas, Janko"]
[Black "Bozinovic, Bogdan"]
[Result "1-0"]
[WhiteElo "2121"]
[BlackElo "2231"]
[PlyCount "47"]
[EventDate "2011.04.11"]
[EventType "swiss"]
[EventRounds "9"]
[EventCountry "CRO"]
[Source "lmi"]
[SourceDate "2011.04.11"]

1. d4 Nf6 2. Bg5 h6 3. Bxf6 exf6 4. Nf3 d5 5. e3 Be6 6. Be2 Be7 7. O-O O-O 8.
Nbd2 Nd7 9. Rc1 c5 10. c4 dxc4 11. Nxc4 Bd5 12. a4 Rc8 13. Qd2 Nb6 14. b3 Be4
15. Rfd1 Nd5 16. Ne1 Nb4 17. Nd3 Nxd3 18. Bxd3 Bc6 19. Bf5 Rc7 20. d5 Bd7 21.
Bxd7 Rxd7 22. d6 Bxd6 23. Nxd6 Qb8 24. Rxc5 1-0

[Event "Zagreb Open 2011 Grupo B"]
[Site "Zagreb CRO"]
[Date "2011.04.13"]
[Round "3.18"]
[White "Vukovic, Ivo"]
[Black "Ugrin, Dragan"]
[Result "1/2-1/2"]
[WhiteElo "2213"]
[BlackElo "2109"]
[PlyCount "66"]
[EventDate "2011.04.11"]
[EventType "swiss"]
[EventRounds "9"]
[EventCountry "CRO"]
[Source "lmi"]
[SourceDate "2011.04.11"]

1. Nf3 Nf6 2. b3 c5 3. Bb2 Nc6 4. e3 e6 5. d4 d5 6. Nbd2 cxd4 7. exd4 Be7 8. a3
O-O 9. Bd3 Bd7 10. O-O Qc7 11. Re1 h6 12. Qe2 Rac8 13. Nf1 Rfe8 14. Ng3 Qb6 15.
Rad1 a5 16. Ne5 Kf8 17. Qf3 Red8 18. Nxd7+ Rxd7 19. Ne2 a4 20. b4 Na5 21. Bc1
Nc4 22. c3 Nd6 23. Bb2 Nfe4 24. Bc2 Qc6 25. Qd3 b5 26. f3 Nf6 27. Bc1 Nc4 28.
g3 Bd6 29. Kg2 Ke7 30. Bb1 Kd8 31. Ba2 Rdc7 32. Bxc4 Qxc4 33. Qxc4 Rxc4 1/2-1/2

[Event "Zagreb Open 2011 Grupo B"]
[Site "Zagreb CRO"]
[Date "2011.04.13"]
[Round "3.19"]
[White "Sunjic, Vitomir"]
[Black "Gujic, Vladimir"]
[Result "1/2-1/2"]
[WhiteElo "2212"]
[BlackElo "2080"]
[PlyCount "94"]
[EventDate "2011.04.11"]
[EventType "swiss"]
[EventRounds "9"]
[EventCountry "CRO"]
[Source "lmi"]
[SourceDate "2011.04.11"]

1. d4 d5 2. Nf3 Nf6 3. Bf4 e6 4. e3 c5 5. c3 Nc6 6. Nbd2 Bd6 7. Bg3 O-O 8. Bd3
b6 9. O-O Bxg3 10. hxg3 Bb7 11. Ne5 Nxe5 12. dxe5 Ne4 13. f4 Nxd2 14. Qxd2 c4
15. Bc2 f6 16. Qd4 fxe5 17. Qxe5 Qf6 18. Qd4 Qxd4 19. exd4 g6 20. Rfe1 Bc8 21.
b4 a6 22. Kf2 Bd7 23. a4 Kg7 24. a5 b5 25. Ke3 Rf6 26. Rh1 Raf8 27. Raf1 h6 28.
Rf3 Bc8 29. g4 Rh8 30. g5 Rff8 31. gxh6+ Rxh6 32. Rxh6 Kxh6 33. Rg3 Rf6 34. Rg5
Kg7 35. Re5 Rf8 36. Rg5 Rf6 37. Kf3 Bd7 38. Kg3 Be8 39. Re5 Bd7 40. Bd1 Rf8 41.
Bc2 Kf6 42. Rg5 Be8 43. Rg4 Rh8 44. Rh4 Rxh4 45. Kxh4 Bf7 46. Kg4 Be8 47. g3
Bf7 1/2-1/2

[Event "Zagreb Open 2011 Grupo B"]
[Site "Zagreb CRO"]
[Date "2011.04.13"]
[Round "3.22"]
[White "Glazar, Domagoj"]
[Black "Vadla, Zeljko"]
[Result "0-1"]
[WhiteElo "2057"]
[BlackElo "2156"]
[PlyCount "72"]
[EventDate "2011.04.11"]
[EventType "swiss"]
[EventRounds "9"]
[EventCountry "CRO"]
[Source "lmi"]
[SourceDate "2011.04.11"]

1. d4 Nf6 2. Nf3 c5 3. d5 b5 4. a4 b4 5. c4 g6 6. b3 Bg7 7. Bb2 O-O 8. g3 e6 9.
Bg2 exd5 10. cxd5 d6 11. Nfd2 Ba6 12. O-O Re8 13. Re1 Nbd7 14. Nc4 Bxc4 15.
bxc4 a5 16. e4 Nb6 17. Qc2 Ng4 18. Bxg7 Kxg7 19. Nd2 Qf6 20. Nb3 Ne5 21. Nd2 g5
22. Rac1 h5 23. Qb3 g4 24. Nf1 Kg8 25. Ne3 Nf3+ 26. Bxf3 Qxf3 27. Qd1 Rxe4 28.
Qxf3 gxf3 29. Nf5 Rxe1+ 30. Rxe1 Nxc4 31. Rc1 b3 32. Ne3 b2 33. Rb1 Nxe3 34.
fxe3 Rb8 35. Kf2 c4 36. Ke1 f2+ 0-1

[Event "Zagreb Open 2011 Grupo B"]
[Site "Zagreb CRO"]
[Date "2011.04.13"]
[Round "3.24"]
[White "Grguric, Stjepan-Kresimir"]
[Black "Margitic, Zdravko"]
[Result "0-1"]
[WhiteElo "2018"]
[BlackElo "2145"]
[PlyCount "68"]
[EventDate "2011.04.11"]
[EventType "swiss"]
[EventRounds "9"]
[EventCountry "CRO"]
[Source "lmi"]
[SourceDate "2011.04.11"]

1. e4 e5 2. f4 exf4 3. Nf3 Ne7 4. d4 Ng6 5. Bc4 c6 6. Nc3 Be7 7. O-O O-O 8. Bd3
d5 9. e5 c5 10. Ne2 cxd4 11. Nxf4 Nc6 12. h3 Bh4 13. Bxg6 fxg6 14. Nxh4 Qxh4
15. Nxd5 Bxh3 16. gxh3 Qg3+ 17. Kh1 Qxh3+ 18. Kg1 Qg3+ 19. Kh1 Qh4+ 20. Kg1
Rxf1+ 21. Qxf1 Rf8 22. Nf4 Nxe5 23. Bd2 Rf5 24. Re1 Qg3+ 25. Kh1 h6 26. Qg2
Qh4+ 27. Qh2 Qxh2+ 28. Kxh2 Nf3+ 29. Kg3 Nxd2 30. Rd1 Ne4+ 31. Kf3 Nc5 32. Kg3
g5 33. Ng2 Ne6 34. Rd3 h5 0-1

[Event "Zagreb Open 2011 Grupo B"]
[Site "Zagreb CRO"]
[Date "2011.04.14"]
[Round "4.1"]
[White "Muha, Zdravko"]
[Black "Ostovic, Matija"]
[Result "1/2-1/2"]
[WhiteElo "2126"]
[BlackElo "2232"]
[PlyCount "120"]
[EventDate "2011.04.11"]
[EventType "swiss"]
[EventRounds "9"]
[EventCountry "CRO"]
[Source "lmi"]
[SourceDate "2011.04.11"]

1. d4 d6 2. Nf3 Nf6 3. c3 Nbd7 4. Bf4 g6 5. h3 Bg7 6. Nbd2 Nh5 7. Bh2 O-O 8. e4
e5 9. dxe5 dxe5 10. Bc4 Nf4 11. O-O c6 12. a4 Qf6 13. Re1 Nc5 14. Qc2 g5 15. b4
Nce6 16. Bf1 Ng6 17. Nc4 Nef4 18. Nfd2 g4 19. hxg4 Bxg4 20. Ne3 Be6 21. Ndc4
Nh4 22. Bg3 Qg5 23. Bxh4 Qxh4 24. Nd6 Rab8 25. Ndf5 Qg5 26. g3 Kh8 27. Kh2 Qh5+
28. Kg1 Qg5 29. Kh2 Rg8 30. Be2 Bf6 31. Bf3 Bxf5 32. Nxf5 Rbd8 33. Rad1 Ng6 34.
Qb3 Rd2 35. Rxd2 Qxd2 36. Re2 Qd3 37. Ne3 Bg5 38. Qc2 Rd8 39. Qb2 Bxe3 40. Rxe3
Qd6 41. Be2 Qe7 42. Rd3 Rxd3 43. Bxd3 h5 44. Qd2 Kg7 45. Qe3 b6 46. Kg2 h4 47.
Be2 Kf8 48. Bh5 Kg7 49. Bxg6 Kxg6 50. f4 exf4 51. gxf4 Qf6 52. Kh3 Kh7 53. Qf3
Kg8 54. e5 Qh6 55. Qg4+ Kf8 56. Qxh4 Qe6+ 57. Kg3 Qg6+ 58. Qg4 Qd3+ 59. Qf3
Qg6+ 60. Kh3 Qh6+ 1/2-1/2

[Event "Zagreb Open 2011 Grupo B"]
[Site "Zagreb CRO"]
[Date "2011.04.14"]
[Round "4.2"]
[White "Gabre, Zeljko"]
[Black "Basaric, Srdan"]
[Result "0-1"]
[WhiteElo "2117"]
[BlackElo "2166"]
[PlyCount "64"]
[EventDate "2011.04.11"]
[EventType "swiss"]
[EventRounds "9"]
[EventCountry "CRO"]
[Source "lmi"]
[SourceDate "2011.04.11"]

1. e4 Nf6 2. Nc3 d5 3. e5 Nfd7 4. d4 e6 5. Nce2 c5 6. c3 Nc6 7. Nf3 b5 8. Nf4
Qb6 9. Ng5 cxd4 10. Nxf7 Kxf7 11. Qh5+ g6 12. Nxg6 hxg6 13. Qxh8 Bg7 14. Qh4
Ndxe5 15. Bg5 Bd7 16. Be2 d3 17. f4 Qe3 18. Qf2 Qxf2+ 19. Kxf2 dxe2 20. fxe5
Nxe5 21. Kxe2 b4 22. Rhf1+ Kg8 23. Rf4 Bb5+ 24. Kd1 Nd3 25. Rh4 Nxb2+ 26. Kc2
bxc3 27. a4 Bd3+ 28. Kc1 e5 29. Ra3 d4 30. Rh3 Rb8 31. a5 Bf5 32. g4 Nd3+ 0-1